000 00729nam a2200205 a 4500
001 BRCA_6067
005 20190320205323.0
008 120608s1997----mx-a---###---#000-0#spa-#
050 4 _aN910.M42
_b.O43 1997
100 1 _aOlaeta Gambao, Silvia Paola
_915325
245 1 0 _aProyecto de señalización para el Museo Franz Mayer.
260 _aCiudad de México
_c1997
300 _a99 p.
_bil.
502 _aTesis Licenciatura (Licenciado en Diseño Gráfico) Universidad Iberoamericana
610 2 4 _aMuseo Franz Mayer (Ciudad de México)
_xSeñalización y comunicación visual
_915326
650 1 4 _aMuseografía
_zMéxico
_95753
700 1 _aSalazar Larios, Verónica Pilar
_eCoautor
_915327
902 _aTES
942 _2lcc
_cTES
999 _c5754
_d5754